| 000 | 00376nam a2200145Ia 4500 | ||
|---|---|---|---|
| 008 | 230312s9999||||xx |||||||||||||| ||und|| | ||
| 020 | _a0-619-21561-5 | ||
| 082 |
_a658.4038 _bSTA-P |
||
| 100 | _aUtely;Craig | ||
| 245 | 2 | _aA Programmers Introduction to visual basic.net | |
| 260 |
_bThomson _aAustralia _c2006 |
||
| 300 | _a758 | ||
| 650 |
_aComputer _vComputer |
||
| 942 | _cBK | ||
| 999 |
_c15461 _d15461 |
||